<?xml version="1.0" encoding="UTF-8"?>
<record
    xmlns:xsi="http://www.w3.org/2001/XMLSchema-instance"
    xsi:schemaLocation="http://www.loc.gov/MARC21/slim http://www.loc.gov/standards/marcxml/schema/MARC21slim.xsd"
    xmlns="http://www.loc.gov/MARC21/slim">

  <leader>01996nam a2200301 i 4500</leader>
  <controlfield tag="003">DO-SdBNP</controlfield>
  <controlfield tag="005">20250801141728.0</controlfield>
  <controlfield tag="007">ta</controlfield>
  <controlfield tag="008">250801b2018    dr d ||| |||| 00| 0 spa d</controlfield>
  <datafield tag="020" ind1=" " ind2=" ">
    <subfield code="a">9789945015270</subfield>
  </datafield>
  <datafield tag="040" ind1=" " ind2=" ">
    <subfield code="a">DO-SdBNP</subfield>
    <subfield code="b">spa</subfield>
    <subfield code="c">BNPHU</subfield>
    <subfield code="e">rda</subfield>
  </datafield>
  <datafield tag="082" ind1=" " ind2=" ">
    <subfield code="a">xxx</subfield>
    <subfield code="b">E56</subfield>
    <subfield code="2">22</subfield>
  </datafield>
  <datafield tag="111" ind1="1" ind2=" ">
    <subfield code="a">Encuesta Nacional de Inmigrantes-ENI </subfield>
    <subfield code="n">(2&#xBA; : </subfield>
    <subfield code="d">2017 : </subfield>
    <subfield code="c">Santo Domingo, Rep&#xFA;blica Dominicana)</subfield>
    <subfield code="9">88461</subfield>
  </datafield>
  <datafield tag="245" ind1="1" ind2="0">
    <subfield code="a">Aporte al valor agregado de la poblaci&#xF3;n de origen extranjero en la Rep&#xFA;blica Dominicana /</subfield>
    <subfield code="c">investigadores: Antonio Ciriaco Cruz, Luis H. Vargas ; correctora: Rosario Flores</subfield>
  </datafield>
  <datafield tag="264" ind1=" " ind2=" ">
    <subfield code="a">Santo Domingo :</subfield>
    <subfield code="b">Fondo de Poblaci&#xF3;n de las Naciones Unidas (UNFPA),</subfield>
    <subfield code="c">2018.</subfield>
  </datafield>
  <datafield tag="300" ind1=" " ind2=" ">
    <subfield code="a">52 p&#xE1;ginas ;</subfield>
    <subfield code="b">graficas ;</subfield>
    <subfield code="c">28 cm.</subfield>
  </datafield>
  <datafield tag="336" ind1=" " ind2=" ">
    <subfield code="a">texto</subfield>
    <subfield code="b">txt</subfield>
    <subfield code="2">rdacontent</subfield>
  </datafield>
  <datafield tag="337" ind1=" " ind2=" ">
    <subfield code="a">sin mediaci&#xF3;n</subfield>
    <subfield code="b">n</subfield>
    <subfield code="2">rdamedia</subfield>
  </datafield>
  <datafield tag="338" ind1=" " ind2=" ">
    <subfield code="a">volumen</subfield>
    <subfield code="b">nc</subfield>
    <subfield code="2">rdacarrier</subfield>
  </datafield>
  <datafield tag="520" ind1=" " ind2=" ">
    <subfield code="a">En la actualidad la sociedad se enfrenta a fen&#xF3;menos colectivos jam&#xE1;s esperados, algunos de ellos parecen no tener explicaci&#xF3;n alguna, sin embargo los estudiosos del comportamiento social se encuentran ante la expectativa de saber qu&#xE9; viene despu&#xE9;s.El abismo entre lo ex&#xF3;tico y lo ordinario se ha terminado. Los conflictos sociales: luchas &#xE9;tnicas, terrorismo, suicidios masivos, violencia intra dom&#xE9;stica est&#xE1;n a la orden del d&#xED;a. El &#xFA;nico beneficio de esta era digital es que estamos informados de cualquier asunto en cuesti&#xF3;n de segundos. Por lo que la urgencia de entender estos fen&#xF3;menos requiere una mayor inteligencia y nuevos modelos de explicaci&#xF3;n.</subfield>
  </datafield>
  <datafield tag="590" ind1=" " ind2=" ">
    <subfield code="a">Inventariado, 2025/ YL</subfield>
  </datafield>
  <datafield tag="700" ind1="1" ind2=" ">
    <subfield code="a">Ciriaco Cruz, Antonio</subfield>
    <subfield code="e">investigador</subfield>
    <subfield code="4">inv.</subfield>
    <subfield code="9">78119</subfield>
  </datafield>
  <datafield tag="700" ind1="1" ind2=" ">
    <subfield code="a">Vargas, Luis H. T</subfield>
    <subfield code="e">investigador</subfield>
    <subfield code="4">inv.</subfield>
    <subfield code="9">88462</subfield>
  </datafield>
  <datafield tag="700" ind1="1" ind2=" ">
    <subfield code="a">Flores, Rosario</subfield>
    <subfield code="e">correctora</subfield>
    <subfield code="4">co.</subfield>
    <subfield code="9">88463</subfield>
  </datafield>
  <datafield tag="856" ind1=" " ind2=" ">
    <subfield code="y">https://dominicanrepublic.unfpa.org/sites/default/files/pub-pdf/Aporte%20valor%20agregado%20de%20Poblacion%20Extranjera_Web%20-%20Estudio%20Complementario%20ENI-2017.pdf</subfield>
  </datafield>
  <datafield tag="910" ind1=" " ind2=" ">
    <subfield code="a">YLockward</subfield>
  </datafield>
  <datafield tag="942" ind1=" " ind2=" ">
    <subfield code="2">ddc</subfield>
    <subfield code="c">LBS1</subfield>
  </datafield>
  <datafield tag="952" ind1=" " ind2=" ">
    <subfield code="0">0</subfield>
    <subfield code="1">0</subfield>
    <subfield code="2">ddc</subfield>
    <subfield code="5">1</subfield>
    <subfield code="7">0</subfield>
    <subfield code="8">PD</subfield>
    <subfield code="a">BNPHU</subfield>
    <subfield code="b">BNPHU</subfield>
    <subfield code="c">CT</subfield>
    <subfield code="d">2024-07-18</subfield>
    <subfield code="e">Donado por Claro Dominicana</subfield>
    <subfield code="l">0</subfield>
    <subfield code="o">BNPHU PD xxx E56</subfield>
    <subfield code="p">2025-7690</subfield>
    <subfield code="r">2025-08-01</subfield>
    <subfield code="w">2025-08-01</subfield>
    <subfield code="y">LBS1</subfield>
  </datafield>
  <datafield tag="999" ind1=" " ind2=" ">
    <subfield code="c">59714</subfield>
    <subfield code="d">59714</subfield>
  </datafield>
</record>
